000 00477nam a2200181 a 4500
001 1762519679750
003 ACL
005 20251107181941.0
008 251107s2004##################000#0#eng##
020 _a9780446694087
082 0 4 _a658.4022
_bSIN
100 1 _aSinger, Blair,
_eauthor.
245 1 0 _aThe ABC's of Building a Business Team that Wins :
260 _bBusiness Plus,
_c2004.
650 0 _aBusiness & Economics.
942 _cENGLISH
040 _aACL
_beng
_cACL
999 _c596483
_d596483